| 000 | 00719nas a2200229 4500 | ||
|---|---|---|---|
| 001 | BR7908381 | ||
| 003 | BR-BrBNA | ||
| 005 | 20231205084024.0 | ||
| 007 | ta | ||
| 008 | 230509b bl.|||p| |||| 00| 00por d | ||
| 040 |
_aBR-BrBNA _bpor _cBiblioteca Nacional de Agricultura |
||
| 041 | _a(Pt) | ||
| 072 | _aL70 | ||
| 100 | 1 | _aRemiao, J.O. | |
| 245 | 1 | _aO sistema imunologico dos bovinos, 1: ontogenia da resposta imunologica | |
| 650 | _aVETERINARIA | ||
| 650 | _aIMUNOLOGIA | ||
| 650 | _aBOVINO | ||
| 773 | 0 |
_tArquivos da Faculdade de Veterinaria da Universidade Federal do Rio Grande do Sul (Brazil) _x _g(Dec 1979), v. 7 p. 13-21 _wBR7908381 |
|
| 909 |
_a202311 _bLúcia _c55 _dLúcia Elande |
||
| 942 |
_2AGRIS _n0 _cANA |
||
| 999 |
_c102643 _d102643 |
||